Statistics for Formula One Trivia Word chain

Click here to take the quiz!

General Stats

  • This quiz has been taken 82 times
  • The average score is 10 of 15

Answer Stats

HintAnswer% Correct
Team with most constructors titlesFerrari
98%
Current Aston Martin driverStroll
89%
Mr. HülkenbergNico
80%
Fastest tyre in a race weekendSoft
79%
Surprise winner of recent Hungarian Grand prixOcon
75%
Location of F1s newest GPLas vegas
72%
2019 Rookie driverNorris
72%
First name of a driver Alpine mistakenly announced in their driver lineupOscar
69%
Appropriate weather for intermediate tyresRain
69%
More specific Location of Brazilian Gran prixInterlagos
67%
Driver that has not competed in 10 races this seasonRicciardo
64%
2021 Rookie driverTsunoda
61%
First name of recent departed alpine team principleOtmar
56%
The grand prix that originally raced on the circuit of ImolaSan Marino
51%
This title sponsor is leaving at the end of this yearAlfa Romeo
33%

Score Distribution

Percentile by Number Answered

Percent of People with Each Score

Your Score History

You have not taken this quiz